00850nam a22002414a 450000500170000000800410001701000140005802000260007202000230009803500130012103700150013404000180014908200130016710000210018024501170020126000430031827000560036130000410041750000340045860000320049265000450052465000390056920080729164931.0080416s2008 waua 001 0 eng  aENG-91469 a9788183242332c350.00 a8183242332c350.00 aEN-75002 bDBAD / PUB aDPLbEnglish  a954.0841 aPathak, Guptajit aAssamese women in Indian independence movement with a special emphasis on Kanaklata Barua /cby Guptajit Pathak  aNew Delhi bMittal Publications c2008 a4594/9, Ansari Road, Daryaganj,bNew Delhi e110002 axvi, 124p.:c23 cm (Hb)bb&w photos  aIncludes glossary and index  aBarua, Kanklata, 1924-1942. aWomen in politicszIndiazAssamxHistory aNationalismzIndiazAssamxHistory